Situácia na trhu biopotravín, tradičných a regionálnych potravín v Európskej únii a na Slovensku habilitačná prednáška
Gespeichert in:
| 1. Verfasser: | |
|---|---|
| Körperschaft: | |
| Format: | Buch |
| Sprache: | Slowakisch |
| Veröffentlicht: |
Bratislava
Vydavateľstvo EKONÓM
2020
|
| Ausgabe: | 1. vydanie |
| Schriftenreihe: | Habilitačné a inauguračné prednášky
|
| Schlagworte: | |
| Tags: |
Keine Tags, Fügen Sie das erste Tag hinzu!
|
MARC
| LEADER | 00000nam a2200000 4500 | ||
|---|---|---|---|
| 001 | 0266941 | ||
| 005 | 20240306142036.1 | ||
| 020 | |a 978-80-225-4703-1 | ||
| 041 | 0 | |a slo | |
| 044 | |a SK | ||
| 245 | 1 | 0 | |a Situácia na trhu biopotravín, tradičných a regionálnych potravín v Európskej únii a na Slovensku |b habilitačná prednáška |c Malgorzata A. Jarossová |
| 250 | |a 1. vydanie | ||
| 264 | 1 | |a Bratislava |b Vydavateľstvo EKONÓM |c 2020 | |
| 300 | |a 131 s. | ||
| 490 | 1 | |a Habilitačné a inauguračné prednášky | |
| 830 | 0 | |a Habilitačné a inauguračné prednášky | |
| 610 | 2 | 0 | |a trh potravinový |
| 610 | 2 | 0 | |a biopotraviny |
| 610 | 2 | 0 | |a regióny |
| 610 | 2 | 0 | |a Európska únia |
| 610 | 2 | 0 | |a Slovensko |
| 100 | 1 | |a Jarossová, Malgorzata Agnieszka, 1978- | |
| 710 | 2 | |a Ekonomická univerzita v Bratislave. Obchodná fakulta | |